| 000 | 01119nam a2200337 c 4500 | ||
|---|---|---|---|
| 001 | 45902 | ||
| 003 | ES-MaCES | ||
| 005 | 20150929135611.0 | ||
| 008 | 150518s2015 sp | 000 | spa d | ||
| 017 |
_aGR 278-2015 _bDL |
||
| 020 | _a9788490452400 | ||
| 040 |
_aES-MaCES _bspa _cES-MaCES |
||
| 100 | 1 |
_aMartín Puebla, Eduardo _918005 |
|
| 245 | 1 | 0 |
_aHacia una política común de inmigración laboral en la Unión Europea _cEduardo Martín Puebla |
| 260 |
_aGranada _bComares _c2015 |
||
| 300 |
_a102 p. _c22 cm |
||
| 490 | 1 |
_aColección Trabajo y Seguridad Social _v86 |
|
| 490 | 1 | _aBiblioteca Comares de ciencia jurídica | |
| 504 | _aBibliografía: p. 99-102 | ||
| 541 | _cCompra | ||
| 650 | 4 |
_apolítica migratoria _929183 |
|
| 650 | 4 |
_apolítica laboral _928290 |
|
| 650 | 4 |
_apolítica comunitaria _930776 |
|
| 650 | 4 |
_aderecho comunitario _929866 |
|
| 653 | 1 | 0 | _aCiencias Sociales-Políticas |
| 650 | 4 |
_926752 _aUE |
|
| 830 | 0 |
_aColección Trabajo y Seguridad Social _v86 _933762 |
|
| 830 | 0 |
_aBiblioteca Comares de ciencia jurídica _932174 |
|
| 902 | _aLIB Libro | ||
| 942 |
_2CES _cBK _h7.0. |
||
| 999 |
_c45902 _d45902 |
||